000 004660000a22001930004500
001 001668
003 MACL
005 20150730123659.0
008 150730b xxu||||| |||| 00| 0 eng d
040 _aMACL
_cMACL
041 _aEnglish
082 _a350
100 _aGupta, M.G
_9252
245 _aMaulana Rum's Mathnawi
_bVol III
_cM.G Gupta
260 _aNew Delhi
_c2004
_bM.G Publishers,
350 _a500
650 _aLiterature
_93387
942 _k891
_cBK
_2ddc
999 _c13586
_d13586